000 00629nam a2200193Ia 4500
003 GCL
005 20240530102501.0
008 140319s9999 xx 000 0 ara d
040 _aGCL /
_cGCL
082 0 4 _a332.673
_bع ا
100 1 _aعبدالسلام ابوقحف
245 1 0 _aاقتصاديات الاستثمار الدولى /
_cعبدالسلام ابوقحف
260 _a[S.N] :
_bالمكتب الدولى الحديث ،
_c1992
300 _a547 ص
650 0 4 _aالدول النامية
650 0 4 _aالاقتصاد الدولى
650 0 4 _aالاستثمارات الاجنبية
942 _2ddc
_cBK
999 _c32583
_d32583